غرائب و طرائف و عبر / (رقم التسجيلة. 99192)

تفاصيل مارك
000 -LEADER
fixed length control field 008500am a2200253 004500
003 - CONTROL NUMBER IDENTIFIER
control field EG-GiCUC
008 - FIXED-LENGTH DATA ELEMENTS--GENERAL INFORMATION
fixed length control field 080310s2001 ua a f 000 0 ara d
017 ## - COPYRIGHT OR LEGAL DEPOSIT NUMBER
Copyright or legal deposit number 1998 / 5337
Assigning agency مصر.دار الكتب
020 ## - INTERNATIONAL STANDARD BOOK NUMBER
International Standard Book Number 9772704285
040 ## - CATALOGING SOURCE
Original cataloging agency EG-GiCUC
Language of cataloging ara
Transcribing agency EG-GiCUC
092 04 - LOCALLY ASSIGNED DEWEY CALL NUMBER (OCLC)
Classification number 001.94
Item number S5279 2001
Edition number 21
099 ## - LOCAL FREE-TEXT CALL NUMBER (OCLC)
Classification number 04
-- 001.94 S5279 2001
100 1# - MAIN ENTRY--PERSONAL NAME
Personal name شاكر: فؤاد.
245 10 - TITLE STATEMENT
Title غرائب و طرائف و عبر /
Statement of responsibility, etc. فؤاد شاكر.
250 ## - EDITION STATEMENT
Edition statement ط.2.
260 ## - PUBLICATION, DISTRIBUTION, ETC.
Place of publication, distribution, etc. القاهرة :
Name of publisher, distributor, etc. الدار المصرية اللبنانية:
Date of publication, distribution, etc. 2001.
300 ## - PHYSICAL DESCRIPTION
Extent 304 .ص :
Other physical details إيض. ؛
Dimensions 24 سم.
650 #7 - SUBJECT ADDED ENTRY--TOPICAL TERM
Topical term or geographic name entry element الغرائب.
Source of heading or term qrmak
902 ## - LOCAL DATA ELEMENT B, LDB (RLIN)
No. of Items 1
905 ## - LOCAL DATA ELEMENT E, LDE (RLIN)
Cataloger ايمان ع
Reviser مراجع
905 ## - LOCAL DATA ELEMENT E, LDE (RLIN)
Cataloger جمال
Reviser مدخل
942 ## - ADDED ENTRY ELEMENTS (KOHA)
Source of classification or shelving scheme Dewey Decimal Classification
Koha item type Books
المقتنيات
Source of classification or shelving scheme Not for loan Home library Current library Date acquired Full call number Barcode Date last seen Copy number Koha item type
Dewey Decimal Classification   المكتبة المركزبة الجديدة - جامعة القاهرة قاعة الكتب - الدور الثاني 11.02.2024 001.94 S5279 2001 01000100116307000 23.09.2023 C.1 Books
Cairo University Libraries Portal Implemented & Customized by: Eng. M. Mohamady Contacts: new-lib@cl.cu.edu.eg | cnul@cl.cu.edu.eg
CUCL logo CNUL logo
© All rights reserved — Cairo University Libraries
CUCL logo
Implemented & Customized by: Eng. M. Mohamady Contact: new-lib@cl.cu.edu.eg © All rights reserved — New Central Library
CNUL logo
Implemented & Customized by: Eng. M. Mohamady Contact: cnul@cl.cu.edu.eg © All rights reserved — Cairo National University Library